Azeotropic data /

Guardado en:
Autor Corporativo: Dow Chemical Company.
Otros Autores: Horsley, Lee Herbert, 1911-, (Compilador, comp.), Tamplin, William S., (Compilador, comp.)
Formato: Libro
Idioma:English
Publicado: Washington, D.C. : American Chemical Society, 1952-73.
Series:Advances in chemistry series, no. 6 [etc.]
Materias:
Etiquetas: Agregar Etiqueta
Sin Etiquetas, Sea el primero en etiquetar este registro!
LEADER 01114cam a22002775a 4500
001 EIQ.libpla001692
008 730102m19521973dcua#####b####000#0#eng#d
005 20061211153402.0
245 0 0 |a Azeotropic data /  |c compiled by L. H. Horsley and coworkers at the Dow Chemical Co. 
260 |a Washington, D.C. :  |b American Chemical Society,  |c 1952-73. 
300 |a 3 v. :  |b il. ;  |c 24 cm. 
490 1 |a Advances in chemistry series, no. 6, 35, 116 
500 |a Vol. 1 tiene el subtítulo: Tables of azeotropes and nonazeotropes. 
500 |a Vol. 2 compilado by Lee H. Horsley, con la cooperación de William S. Tamplin. 
504 |a Incluye referencias bibliográficas. 
020 |a 0841201668 
700 1 |a Horsley, Lee Herbert,  |d 1911-,  |e comp.  |4 com 
700 1 |a Tamplin, William S.,  |e comp.  |4 com 
710 2 |a Dow Chemical Company. 
830 0 |a Advances in chemistry series,  |v no. 6 [etc.] 
082 0 0 |a 541.36 
650 0 |a Mezclas azeotropicas  |x Tablas. 
650 0 |a Azeotropes  |x Tables. 
010 |a  52003085  
040 |a DLC  |c DLC  |d AR-BbSID 
859 |a AR-BbSID  |b BIB. PLAPIQUI  |h 541.363  |i Az 23  |k R  |p 2173  |3 Vol. 3